| 000 | 00858nas a2200289 4500 | ||
|---|---|---|---|
| 001 | BR2011007081 | ||
| 003 | BR-BrBNA | ||
| 005 | 20231205115727.0 | ||
| 007 | ta | ||
| 008 | 230509b bl.|||p| |||| 00| 00por d | ||
| 040 |
_aBR-BrBNA _bpor _cBiblioteca Nacional de Agricultura |
||
| 041 | _a(Pt) | ||
| 072 | _aH20 | ||
| 100 | 1 | _aWordell Filho, J.A. | |
| 100 | 1 | _aChiradia, L.A. | |
| 245 | 1 | _aDiagnose e manejo do enfezamento-vermelho e do enfezamento-pálido na cultura do milho | |
| 650 | _aDOENÇA DE PLANTA | ||
| 650 | _aMILHO | ||
| 650 | _aENFEZAMENTO | ||
| 650 | _aVÍRUS | ||
| 650 | _aCIGARRINHA | ||
| 650 | _aVETOR | ||
| 650 | _aTRANSMISSÃO DE DOENÇA | ||
| 773 | 0 |
_tAgropecuária Catarinense (Brazil) _xISSN 0103-0779 _g(Nov 2010), v. 23(3) p. 44-49 _wBR2011007081 |
|
| 909 |
_a202311 _bLúcia _c55 _dLúcia Elande |
||
| 942 |
_2AGRIS _n0 _cANA |
||
| 999 |
_c215405 _d215405 |
||